000
00269nam a22001217a 4500
040
_c
HS
082
_a
631
100
_a
BAILLIERE
245
_a
Materiel de preparatior et fertilisation des sols
260
_a
Philippe
_b
BAILLIERE
_c
1981
300
_a
239p;
942
_c
EK
999
_c
10313
_d
10313